000 00503 a2200181 4500
999 _c4098
_d4098
020 _a9780141187358
050 _aPR6029 ORW 2003
100 _aOrwell, George
_eauthor
245 _aNineteen Eighty-Four /
_cGeorge Orwell
264 _aLondon
_bPenguin Books
_c2003
300 _a355p. :
500 _aIncludes appendix
650 _aTotalitarianism
_xFiction
650 _aLondon (England)
_xFiction
651 _aLondon
700 _aPynchon, Thomas
_eIntroduction
942 _2lcc
_cBK
_h6029
_iORW
_kPR